Un pays, une actrice - Statistiques

Statistiques générales
  • Ce quiz a été pris 30 fois
  • Le résultat moyen est 8 sur 20
Statistiques - réponses
Par images Hint Réponse % Correct
Allemagne Romy Schneider
93%
Australie Nicole Kidman
83%
Espagne Penelope Cruz
83%
Royaume-Uni Audrey Hepburn
72%
États-Unis d'Amérique Grace Kelly
66%
France Mireille Darc
62%
Italie Sophia Loren
59%
Arménie Alice Sapritch
55%
Suède Ingrid Bergman
52%
Suisse Ursula Andress
45%
Brésil Cristiana Reali
41%
Belgique Marie Gillain
34%
Norvège Liv Ulmann
21%
Grèce Irene Papas
17%
Luxembourg Vicky Krieps
14%
Pays-Bas Maruschka Detmers
10%
Irlande Maureen O'Hara
10%
Erythrée Ella Thomas
7%
Serbie Beba Loncar
3%
Canada Hélène Joy
0%
Aucun quiz correspondant
Distribution des résultats
% des personnes avec chaque résultat
Percentile par nombre de réponses
Votre historique - résultats
Vous n’avez pas pris ce quiz